Govt. of
Madhya Pradesh

Normal view MARC view

Entry Personal Name

Number of records used in: 1

001 - CONTROL NUMBER

  • control field: 70377

003 - CONTROL NUMBER IDENTIFIER

  • control field: OSt

005 - DATE AND TIME OF LATEST TRANSACTION

  • control field: 20180215171340.0

008 - FIXED-LENGTH DATA ELEMENTS

  • fixed length control field: 180215|| aca||aabn | a|a d

040 ## - CATALOGING SOURCE

  • Original cataloging agency: OSt
  • Transcribing agency: OSt

100 ## - HEADING--PERSONAL NAME

  • Personal name: गीते ,अशो‍क

670 ## - SOURCE DATA FOUND

  • Source citation: Work cat.: (OSt)48771: गीते ,अशो‍क , चिन्‍तन और मथंन , 2011